| 000 | 00440nam a22001697a 4500 | ||
|---|---|---|---|
| 999 |
_c522730 _d522730 |
||
| 003 | NUST | ||
| 038 | _awaseem | ||
| 082 |
_a954.91 _bKHA |
||
| 100 |
_aZakir, Abdul Raziq Khan _912959 |
||
| 245 |
_aYaadian / _cAbdul Raziq Khan Zakir |
||
| 260 |
_aIslamabad : _bAgha G, _c2006. |
||
| 300 | _a128 p. ; | ||
| 500 | _aPaperback. | ||
| 880 |
_6100-01\r _6عبدالرازق خان زاکر |
||
| 880 |
_6245-02\r _6یادیں |
||
| 942 |
_2ddc _cBK |
||